Exclusive journal economy and society and environment
| Other Authors: | , |
|---|---|
| Format: | Journal |
| Language: | Slovak Czech English |
| PhysicalDescription: | zv. 24 cm |
| Published: |
Prešov
eXclusive marketing, s.r.o.
2013-
|
| ISSN: | 1339-0260 |
| Subjects: |
MARC
| LEADER | 00000cas a2200000 a 4500 | ||
|---|---|---|---|
| 001 | vtls010510902 | ||
| 003 | SK-MaSNL | ||
| 005 | 20260228160314.0 | ||
| 008 | 130516c20139999xo qr p 0 0slo | ||
| 022 | |a 1339-0260 | ||
| 040 | |a SNK |b slo |c SNK |e AACR2 | ||
| 041 | 0 | |a slo |a cze |a eng | |
| 044 | |a xo |c SK | ||
| 072 | 7 | |a 371 |x Školstvo (organizácia) |2 konspekt | |
| 072 | 7 | |a 33 |x Ekonómia |2 konspekt | |
| 072 | 7 | |a 00 |x Veda. Všeobecnosti. Základy vedy a kultúry. Vedecká práca |2 konspekt | |
| 072 | 7 | |a 502 |x Životné prostredie a jeho ochrana |2 konspekt | |
| 072 | 7 | |a 3 |x Spoločenské vedy |2 konspekt | |
| 080 | |a 371:061 |2 2001 | ||
| 080 | |a 33 |2 2011 | ||
| 080 | |a 001.126 |2 2001 | ||
| 080 | |a 502.1 |2 2001 | ||
| 080 | |a 3 |2 2011 | ||
| 080 | |a 050 |2 2011 | ||
| 210 | 0 | |a Exclus. j. |b (Tlačené vyd.) | |
| 222 | 0 | |a Exclusive journal |b (Tlačené vydanie) | |
| 245 | 0 | 0 | |a Exclusive journal |b economy and society and environment |
| 260 | |a Prešov |b eXclusive marketing, s.r.o. |c 2013- | ||
| 300 | |a zv. |c 24 cm | ||
| 310 | |a 4x ročne |b 2014- | ||
| 321 | |a 1x ročne |b 2013 | ||
| 362 | 0 | |a Roč. 1, č. 1 (2013)- | |
| 500 | |a Šéfredaktor: 2013-2/2018, Radovan Bačík ; 3/2018- , Igor Fedorko | ||
| 500 | |a V roku 2015 vyšlo č. 2 aj ako špeciálne vydanie | ||
| 500 | |a Evidenčné č.: EV 5538/17 | ||
| 504 | |a Bibliog. odkazy | ||
| 546 | |a Čiast. text v angl. a češ. | ||
| 650 | 0 | 7 | |a vzdelávacie inštitúcie |2 SNKPH |9 71389 |
| 650 | 0 | 7 | |a ekonómia |2 SNKPH |9 788 |
| 650 | 0 | 7 | |a aplikovaný výskum |2 SNKPH |9 75376 |
| 650 | 0 | 7 | |a environmentalizmus |2 SNKPH |9 23212 |
| 650 | 0 | 7 | |a spoločenské vedy |2 SNKPH |9 70105 |
| 650 | 0 | 7 | |a Social sciences |2 SNKPHeng |9 265112 |
| 650 | 0 | 7 | |a Educational institutions |2 SNKPHeng |9 266368 |
| 650 | 0 | 7 | |a Economics |2 SNKPHeng |9 265310 |
| 650 | 0 | 7 | |a Applied research |2 SNKPHeng |9 266369 |
| 650 | 0 | 7 | |a Environmentalism |2 SNKPHeng |9 266370 |
| 655 | 7 | |a vedecké časopisy |2 SNKPH |9 70520 | |
| 655 | 7 | |a Scientific journals |2 SNKPHeng |9 265227 | |
| 700 | 1 | |a Bačík, Radovan, |d 1983- |4 pbd |9 193847 | |
| 700 | 1 | |a Fedorko, Igor |4 pbd |9 266371 | |
| 910 | |a snk | ||
| 916 | |a 2013-2014, 2015-2017, 2018, 2019-2020, 2021, 2022, 2023 | ||
| 999 | |c 2102 |d 4032 | ||
| 952 | |0 0 |1 0 |4 0 |7 0 |8 0 |a SNK |b SNK |d 2024-12-09 |i snk2024/18229 |l 0 |o snkČSC 3571/8/2020 D1 |p 17A1525185 |r 2026-02-21 19:41:11 |t č. 1-2 + špec. vydanie, neúplné |w 2026-02-21 |y PREZ |z Chýba špeciálne vydanie | ||
| 952 | |0 0 |1 0 |4 0 |7 0 |8 0 |a SNK |b SNK |d 2024-12-09 |i snk2024/18226 |l 0 |o snkČSC 3571/7/2019 D1 |p 17A1525181 |r 2026-02-21 19:41:12 |t č. 1-2 + špec. vydanie, neúplné |w 2026-02-21 |y PREZ |z Chýba č. 1 | ||
| 952 | |0 0 |1 0 |4 0 |7 0 |8 0 |a SNK |b SNK |d 2024-12-09 |i snk2024/18232 |l 0 |o snkČSC 3571/9/2021 D1 |p 17A1525182 |r 2026-02-21 19:41:12 |t č. 1-2 + špec. vydanie, neúplné |w 2026-02-21 |y PREZ |z Chýba č. 2 + špec. vydanie | ||
| 952 | |0 0 |1 0 |4 0 |7 0 |8 0 |a SNK |b SNK |d 2024-12-09 |i snk2024/18234 |l 0 |o snkČSC 3571/10/2022 |p 17A1525183 |r 2026-02-21 19:41:12 |t č. 1-2 + špec. vydanie |w 2026-02-21 |y PREZ | ||
| 952 | |0 0 |1 0 |4 0 |7 0 |8 0 |a SNK |b SNK |d 2024-12-09 |i snk2024/18236 |l 0 |o snkČSC 3571/11/2023 |p 17A1525184 |r 2026-02-21 19:41:13 |t č. 1-2 |w 2026-02-21 |y PREZ | ||
| 952 | |0 0 |1 0 |4 0 |7 0 |8 0 |a SNK |b SNK |d 2021-05-21 |f 1 |i snk2021/5340 |l 0 |o snkČSC 3571/7/2019 |p 17A1434099 |r 2026-02-21 19:58:49 |t č. 1-2 + špec. vydanie |w 2026-02-21 |y PREZ | ||
| 952 | |0 0 |1 0 |4 0 |7 0 |8 0 |a SNK |b SNK |d 2021-05-21 |f 1 |i snk2021/5343 |l 0 |o snkČSC 3571/8/2020 |p 17A1434100 |r 2026-02-21 19:58:50 |t č. 1-2 + špec. vydanie |w 2026-02-21 |y PREZ | ||
| 952 | |0 0 |1 0 |4 0 |7 0 |8 0 |a SNK |b SNK |d 2022-06-14 |f 1 |i snk2022/9677 |l 0 |o snkČSC 3571/9/2021 |p 17A1463419 |r 2026-02-21 20:02:45 |t č. 1-2 + špec. vydanie |w 2026-02-21 |y PREZ | ||
| 952 | |0 0 |1 0 |4 0 |7 0 |8 0 |a SNK |b SNK |d 2015-05-28 |i snk2015/16942 |l 0 |o snkČSC 3571/1/2013 D1 |p 17A1047778 |r 2026-02-21 21:32:18 |t č. 1-3+špec. vyd. |w 2026-02-21 |y PREZ | ||
| 952 | |0 0 |1 0 |4 0 |7 0 |8 0 |a SNK |b SNK |d 2015-05-28 |f 1 |i snk2015/16938 |l 0 |o snkČSC 3571/1/2013 |p 17A1047774 |r 2026-02-21 21:43:37 |t č. 1-3+špec. vyd. |w 2026-02-21 |y PREZ | ||
| 952 | |0 0 |1 0 |4 0 |7 0 |8 0 |a SNK |b SNK |d 2015-05-28 |f 1 |i snk2015/16946 |l 0 |o snkČSC 3571/2/2014 |p 17A1047779 |r 2026-02-21 21:43:37 |t č. 1-4 |w 2026-02-21 |y PREZ | ||
| 952 | |0 0 |1 0 |4 0 |7 0 |8 0 |a SNK |b SNK |d 2019-10-01 |f 1 |i snk2019/24610 |l 0 |o snkČSC 3571/6/2018 |p 17A1383945 |r 2026-02-21 21:52:55 |t č. 1-4 |w 2026-02-21 |y PREZ | ||
| 952 | |0 0 |1 0 |4 0 |7 0 |8 0 |a SNK |b SNK |d 2016-08-16 |i snk2016/19298 |l 0 |o snkČSC 3571/2/2014 D1 |p 17A1202182 |r 2026-02-21 21:54:57 |t č. 1-4, neúpl. |w 2026-02-21 |y PREZ |z chýba č. 1 | ||
| 952 | |0 0 |1 0 |4 0 |7 0 |8 0 |a SNK |b SNK |d 2016-08-16 |f 1 |i snk2016/19303 |l 0 |o snkČSC 3571/3/2015 |p 17A1202183 |r 2026-02-21 21:54:57 |t č. 1-4 + špec. vyd. |w 2026-02-21 |y PREZ | ||
| 952 | |0 0 |1 0 |4 0 |7 0 |8 0 |a SNK |b SNK |d 2020-06-30 |i snk2020/11593 |l 0 |o snkČSC 3571/6/2018 D1 |p 17A1430745 |r 2026-02-21 22:01:48 |t č. 1-4 |w 2026-02-21 |y PREZ | ||
| 952 | |0 0 |1 0 |4 0 |7 0 |8 0 |a SNK |b SNK |d 2019-05-13 |f 1 |i snk2019/13182 |l 0 |o snkČSC 3571/5/2017 |p 17A1367068 |r 2026-02-21 22:06:58 |t č. 1-4 |w 2026-02-21 |y PREZ | ||
| 952 | |0 0 |1 0 |4 0 |7 0 |8 0 |a SNK |b SNK |d 2019-05-13 |i snk2019/13183 |l 0 |o snkČSC 3571/5/2017 D1 |p 17A1367067 |r 2026-02-21 22:06:58 |t č. 1-4, neúplné |w 2026-02-21 |y PREZ |z Chýba č. 4 | ||
| 952 | |0 0 |1 0 |4 0 |7 0 |8 0 |a SNK |b SNK |d 2017-05-18 |i snk2017/11546 |l 0 |o snkČSC 3571/3/2015 D1 |p 17A1206923 |r 2026-02-21 22:11:29 |t č. 1-4 + špec. vyd. |w 2026-02-21 |y PREZ |z Č. 2 vyšlo aj ako špeciálne vydanie | ||
| 952 | |0 0 |1 0 |4 0 |7 0 |8 0 |a SNK |b SNK |d 2017-05-18 |f 1 |i snk2017/11548 |l 0 |o snkČSC 3571/4/2016 |p 17A1206924 |r 2026-02-21 22:11:29 |t č. 1-4 |w 2026-02-21 |y PREZ | ||
| 952 | |0 0 |1 0 |4 0 |7 0 |8 0 |a SNK |b SNK |d 2018-08-07 |i snk2018/16527 |l 0 |o snkČSC 3571/4/2016 D1 |p 17A1327643 |r 2026-02-21 22:20:07 |t č. 1-4 |w 2026-02-21 |y PREZ | ||


